[Event "19. Obert Int. Sant Marti 2017 - B"]
[Site "Barcelona ESP"]
[Date "2017.07.16"]
[Round "4.9"]
[White "Hinarejos Montano, Andres"]
[Black "Landsverk, Ida"]
[Result "1-0"]
[WhiteElo "1607"]
[BlackElo "1439"]
[PlyCount "117"]
[EventDate "2017.07.13"]
[EventType "swiss"]
[EventRounds "9"]
[EventCountry "ESP"]
[SourceTitle "Ajedrez en Madrid"]
[Source "lmi"]
[SourceDate "2017.07.13"]
[SourceVersion "1"]
[SourceVersionDate "2019.06.21"]
[SourceQuality "1"]

1. d4 f5 2. e3 Nf6 3. Bd3 g6 4. Nf3 Bg7 5. c4 O-O 6. Nc3 d6 7. h3 Nc6 8. a3 e5
9. dxe5 dxe5 10. Be2 e4 11. Nd2 a6 12. O-O g5 13. f4 exf3 14. Nxf3 g4 15. hxg4
Nxg4 16. Qxd8 Rxd8 17. Nd5 Rd7 18. Rb1 Ne7 19. Ng5 Nxd5 20. cxd5 Re7 21. Bxg4
fxg4 22. e4 h6 23. Ne6 Bxe6 24. dxe6 Rxe6 25. Bf4 c6 26. Rfe1 Rae8 27. g3 h5
28. b3 Rxe4 29. Rxe4 Rxe4 30. Rd1 Kh7 31. Rd7 b6 32. Rb7 Kg6 33. Kf1 Bd4 34.
Ra7 a5 35. Rc7 Re6 36. Rc8 Be5 37. Bxe5 Rxe5 38. Rxc6+ Kf5 39. Rxb6 Ke4 40. Kg2
Ke3 41. a4 Rf5 42. Re6+ Kd3 43. Rb6 Kc3 44. Rb5 Rf8 45. Rxa5 Kxb3 46. Rxh5 Kxa4
47. Rg5 Rb8 48. Rxg4+ Kb5 49. Rd4 Kc6 50. g4 Rb5 51. Kf3 Rb8 52. g5 Rf8+ 53.
Kg4 Rg8 54. Kf5 Rf8+ 55. Kg6 Kc7 56. Kg7 Re8 57. Rf4 Kd7 58. g6 Re7+ 59. Rf7
1-0

[Event "19. Obert Int. Sant Marti 2017 - B"]
[Site "Barcelona ESP"]
[Date "2017.07.16"]
[Round "4.10"]
[White "Aarav, Dengla"]
[Black "Gomez Parla, Josep"]
[Result "1-0"]
[WhiteElo "1177"]
[BlackElo "1808"]
[PlyCount "85"]
[EventDate "2017.07.13"]
[EventType "swiss"]
[EventRounds "9"]
[EventCountry "ESP"]
[SourceTitle "Ajedrez en Madrid"]
[Source "lmi"]
[SourceDate "2017.07.13"]
[SourceVersion "1"]
[SourceVersionDate "2019.06.21"]
[SourceQuality "1"]

1. e4 b6 2. d4 Bb7 3. Bd3 e6 4. Nf3 Nf6 5. Qe2 Be7 6. O-O d6 7. c3 Nbd7 8. Nbd2
O-O 9. Re1 e5 10. dxe5 dxe5 11. Bc2 c5 12. Nf1 Qc7 13. Ng3 Rfd8 14. Nf5 Nf8 15.
Bg5 Ng6 16. N3h4 Nxh4 17. Bxh4 Bc8 18. Nxe7+ Qxe7 19. Qf3 Bb7 20. Qf5 Bc8 21.
Qf3 Be6 22. a3 Rd2 23. Rac1 Rad8 24. Bg5 R2d6 25. Qg3 Bc4 26. f4 exf4 27. Qxf4
h6 28. e5 hxg5 29. Qxc4 Re6 30. Qe2 Nd5 31. Qe4 g6 32. Bb3 Nf4 33. Bxe6 Qxe6
34. Rcd1 Rxd1 35. Rxd1 Qg4 36. Rd8+ Kg7 37. Qf3 Qf5 38. g3 Qb1+ 39. Rd1 Nh3+
40. Kg2 Qxb2+ 41. Kxh3 Qc2 42. Rd8 g4+ 43. Kxg4 1-0

[Event "19. Obert Int. Sant Marti 2017 - B"]
[Site "Barcelona ESP"]
[Date "2017.07.16"]
[Round "4.11"]
[White "Del Valle, Clemence"]
[Black "Elizondo Marquet, Juan Marcos"]
[Result "1-0"]
[WhiteElo "1759"]
[BlackElo "1887"]
[PlyCount "81"]
[EventDate "2017.07.13"]
[EventType "swiss"]
[EventRounds "9"]
[EventCountry "ESP"]
[SourceTitle "Ajedrez en Madrid"]
[Source "lmi"]
[SourceDate "2017.07.13"]
[SourceVersion "1"]
[SourceVersionDate "2019.06.21"]
[SourceQuality "1"]

1. e4 c5 2. Nf3 d6 3. c3 Nf6 4. Be2 Nbd7 5. d3 g6 6. O-O Bg7 7. Re1 O-O 8. Nbd2
d5 9. e5 Nh5 10. d4 Nf4 11. Bf1 Ne6 12. Qb3 c4 13. Qc2 b5 14. b3 f6 15. exf6
Nxf6 16. Ne5 Qd6 17. a4 Ng5 18. Ba3 Qc7 19. axb5 Bf5 20. Qb2 Nfe4 21. Nxe4 Nxe4
22. bxc4 Bxe5 23. dxe5 dxc4 24. Qb4 Qb6 25. Qxc4+ Kh8 26. Qd4 Qb7 27. g4 Ng5
28. Bg2 Nf3+ 29. Bxf3 Qxf3 30. gxf5 Rxf5 31. Bxe7 Rf4 32. Bf6+ Kg8 33. Qc5 Rg4+
34. Kf1 Qd3+ 35. Re2 Qh3+ 36. Ke1 Rg1+ 37. Kd2 Rxa1 38. Qd5+ Kf8 39. Qd6+ Kg8
40. Qd5+ Kf8 41. Qxa8+ 1-0

[Event "19. Obert Int. Sant Marti 2017 - B"]
[Site "Barcelona ESP"]
[Date "2017.07.16"]
[Round "4.12"]
[White "Gonzalez Moreno, Antoni"]
[Black "Delgadillo Torrico, Felipe"]
[Result "0-1"]
[WhiteElo "1734"]
[BlackElo "1943"]
[PlyCount "142"]
[EventDate "2017.07.13"]
[EventType "swiss"]
[EventRounds "9"]
[EventCountry "ESP"]
[SourceTitle "Ajedrez en Madrid"]
[Source "lmi"]
[SourceDate "2017.07.13"]
[SourceVersion "1"]
[SourceVersionDate "2019.06.21"]
[SourceQuality "1"]

1. c4 c6 2. Nc3 Nf6 3. g3 d5 4. cxd5 cxd5 5. d4 e6 6. Nf3 Nc6 7. e3 Be7 8. Bg2
O-O 9. O-O Bd7 10. a3 Na5 11. Ne5 Rc8 12. Nxd7 Qxd7 13. Qd3 a6 14. Bd2 Nc4 15.
Rab1 b5 16. Rfd1 Rfd8 17. Na2 Nxd2 18. Qxd2 Rc7 19. Rbc1 Rdc8 20. Rxc7 Rxc7 21.
Rc1 Rc4 22. Bf1 Ne4 23. Qd1 Rc7 24. Bd3 f5 25. Bxe4 fxe4 26. Rxc7 Qxc7 27. Qc1
Qc4 28. Qxc4 bxc4 29. Kf1 Kf7 30. Ke2 h5 31. h3 Kf6 32. Nc3 Bd6 33. Kd2 Ke7 34.
Ke2 Bc7 35. Na4 Bd6 36. Kd2 Kd7 37. Nc3 Kc6 38. Kc2 e5 39. Kd2 exd4 40. exd4
Be7 41. Nd1 Bg5+ 42. Kc3 Bf6 43. Ne3 g6 44. Nc2 a5 45. Ne3 Bg5 46. Nd1 h4 47.
g4 Bf4 48. Kc2 Bh2 49. Kc3 Bg1 50. Kc2 Kd6 51. Kd2 Ke6 52. Ke2 Bh2 53. Nc3 Bf4
54. Nd1 Bc1 55. Ke1 Kd6 56. Ke2 Kc6 57. a4 Kd6 58. Ke1 Ke6 59. Ke2 Kf7 60. Ke1
Kf6 61. Ke2 Kg5 62. Ne3 Bxb2 63. Nxd5 Bxd4 64. Ne3 c3 65. Nc2 Bc5 66. Ne3 Bb4
67. Kd1 Kf4 68. Ng2+ Kf3 69. Nxh4+ Kxf2 70. Nxg6 Bd6 71. Nh4 e3 0-1

[Event "19. Obert Int. Sant Marti 2017 - B"]
[Site "Barcelona ESP"]
[Date "2017.07.16"]
[Round "4.13"]
[White "Vives Cabau, Jordi"]
[Black "David, Dorian-Ciprian"]
[Result "0-1"]
[WhiteElo "1930"]
[BlackElo "1768"]
[PlyCount "66"]
[EventDate "2017.07.13"]
[EventType "swiss"]
[EventRounds "9"]
[EventCountry "ESP"]
[SourceTitle "Ajedrez en Madrid"]
[Source "lmi"]
[SourceDate "2017.07.13"]
[SourceVersion "1"]
[SourceVersionDate "2019.06.21"]
[SourceQuality "1"]

1. e4 a6 2. d4 b5 3. Be3 Bb7 4. f3 e6 5. c4 b4 6. Bd3 Nf6 7. e5 Ng4 8. Bf4 g5
9. Bd2 c5 10. Ne2 Nh6 11. Qc1 g4 12. Bg5 Qa5 13. Bxh6 gxf3 14. Bxf8 fxg2 15.
Rg1 Rxf8 16. Qf4 cxd4 17. Nxd4 Qc5 18. Nd2 Nc6 19. N4f3 a5 20. Ne4 Nxe5 21.
O-O-O Nxd3+ 22. Rxd3 Qxc4+ 23. Kd2 Qxe4 24. Qg3 Rc8 25. Nd4 Ba6 26. Nb3 Qxd3+
27. Qxd3 Bxd3 28. Kxd3 a4 29. Nd4 Rg8 30. Nb5 Ke7 31. Nd4 Rg5 32. Nf3 Rd5+ 33.
Nd4 e5 0-1

[Event "19. Obert Int. Sant Marti 2017 - B"]
[Site "Barcelona ESP"]
[Date "2017.07.16"]
[Round "4.14"]
[White "Fabregas Fontanet, Antonio"]
[Black "Pena Mor, David"]
[Result "0-1"]
[WhiteElo "1903"]
[BlackElo "1764"]
[PlyCount "120"]
[EventDate "2017.07.13"]
[EventType "swiss"]
[EventRounds "9"]
[EventCountry "ESP"]
[SourceTitle "Ajedrez en Madrid"]
[Source "lmi"]
[SourceDate "2017.07.13"]
[SourceVersion "1"]
[SourceVersionDate "2019.06.21"]
[SourceQuality "1"]

1. e4 e5 2. Nf3 Nc6 3. Bb5 a6 4. Ba4 Nf6 5. O-O Be7 6. Re1 b5 7. Bb3 d6 8. h3
Na5 9. c3 Nxb3 10. axb3 O-O 11. b4 Bb7 12. d3 Nd7 13. d4 exd4 14. Nxd4 Re8 15.
Bf4 Bf8 16. Nd2 c5 17. bxc5 Nxc5 18. f3 Nd3 19. Bg3 Nxe1 20. Qxe1 g6 21. Rd1
Bg7 22. Qf2 d5 23. exd5 Qxd5 24. Ne4 Rad8 25. Bh4 Qe5 26. Bxd8 Rxd8 27. Qh4 f6
28. Re1 Rxd4 29. cxd4 Qxd4+ 30. Qf2 f5 31. Nc3 Qc4 32. Re8+ Kf7 33. Qe1 Bf6 34.
Qe2 Qc6 35. Rb8 Bc8 36. Qd3 Be5 37. Rxc8 Qxc8 38. Qd5+ Qe6 39. Qb7+ Qe7 40.
Qxa6 Bd4+ 41. Kh2 Qe5+ 42. g3 Qe1 43. Qb7+ Kf6 44. Nd5+ Kg5 45. Qe7+ Qxe7 46.
f4+ Kh6 47. Nxe7 Bxb2 48. Nd5 Kg7 49. Kg2 Ba3 50. Nc3 b4 51. Nb1 Bc1 52. Kf3 h6
53. Ke2 b3 54. Kd1 b2 55. Nc3 g5 56. fxg5 hxg5 57. Kc2 f4 58. g4 f3 59. Ne4 Kf7
60. Nc3 f2 0-1

[Event "19. Obert Int. Sant Marti 2017 - B"]
[Site "Barcelona ESP"]
[Date "2017.07.16"]
[Round "4.15"]
[White "Anjali, R. Sagar"]
[Black "Muhammad, Qasim"]
[Result "1-0"]
[WhiteElo "1724"]
[BlackElo "1899"]
[PlyCount "105"]
[EventDate "2017.07.13"]
[EventType "swiss"]
[EventRounds "9"]
[EventCountry "ESP"]
[SourceTitle "Ajedrez en Madrid"]
[Source "lmi"]
[SourceDate "2017.07.13"]
[SourceVersion "1"]
[SourceVersionDate "2019.06.21"]
[SourceQuality "1"]

1. e4 e6 2. d4 d5 3. Nd2 Nc6 4. Ngf3 Nf6 5. e5 Nd7 6. Bd3 Nb4 7. Be2 c5 8. c3
Nc6 9. O-O f6 10. exf6 Qxf6 11. Nb3 cxd4 12. cxd4 Bd6 13. Bg5 Qf7 14. Bh4 Nf6
15. Ng5 Qg6 16. Bd3 Qh6 17. Nf3 Ne4 18. Bg3 Nxg3 19. hxg3 O-O 20. Re1 a5 21.
Qc1 Qf6 22. Qg5 a4 23. Qxf6 Rxf6 24. Nbd2 Nb4 25. Bb1 a3 26. bxa3 Rxa3 27. Rc1
Bd7 28. Nf1 Rf8 29. Ne3 Bb5 30. Ng5 e5 31. Bxh7+ Kh8 32. Bg6 Kg8 33. Nf5 Ra6
34. Ne6 Nd3 35. Nxd6 Nxc1 36. Rxc1 Rxd6 37. Nxf8 Kxf8 38. Rc8+ Ke7 39. Rc7+ Kf6
40. dxe5+ Kxe5 41. Rxg7 b6 42. Bh5 Bc4 43. a3 d4 44. f4+ Kf5 45. Rg5+ Ke4 46.
Kf2 d3 47. Rg6 Rd5 48. Bf3+ Kd4 49. Bxd5 Bxd5 50. Rd6 Kc4 51. Rxd5 Kxd5 52. Ke3
Kc4 53. Kd2 1-0

[Event "19. Obert Int. Sant Marti 2017 - B"]
[Site "Barcelona ESP"]
[Date "2017.07.16"]
[Round "4.17"]
[White "Bernat, Ernest"]
[Black "Mercader Rubio, Luis"]
[Result "1-0"]
[WhiteElo "1889"]
[BlackElo "1747"]
[PlyCount "77"]
[EventDate "2017.07.13"]
[EventType "swiss"]
[EventRounds "9"]
[EventCountry "ESP"]
[SourceTitle "Ajedrez en Madrid"]
[Source "lmi"]
[SourceDate "2017.07.13"]
[SourceVersion "1"]
[SourceVersionDate "2019.06.21"]
[SourceQuality "1"]

1. e4 c5 2. Nf3 Nc6 3. d4 cxd4 4. Nxd4 Nf6 5. Nc3 d6 6. Be2 g6 7. Be3 Bg7 8.
Qd2 Bd7 9. f3 a6 10. O-O-O Rb8 11. g4 b5 12. Nxc6 Bxc6 13. Bh6 Bxh6 14. Qxh6
Qa5 15. Kb1 Nd7 16. f4 Nc5 17. Qg7 Rf8 18. Qd4 f6 19. h4 Na4 20. Nd5 Nc5 21. b4
Ne6 22. bxa5 Nxd4 23. Rxd4 Kf7 24. h5 g5 25. f5 e6 26. Nb4 Ba8 27. fxe6+ Kxe6
28. Rhd1 Rbd8 29. Nxa6 Ke5 30. Bf3 Rf7 31. Nb4 Rc7 32. a6 Rc3 33. R1d3 Rxd3 34.
Rxd3 Rd7 35. c3 Bxe4 36. Bxe4 Kxe4 37. Kc2 d5 38. Nxd5 Rd6 39. Re3+ 1-0

[Event "19. Obert Int. Sant Marti 2017 - B"]
[Site "Barcelona ESP"]
[Date "2017.07.16"]
[Round "4.18"]
[White "Viera Falcon, Cristo"]
[Black "Munoz Lozano, Jorge Manuel"]
[Result "0-1"]
[WhiteElo "1889"]
[BlackElo "1759"]
[PlyCount "76"]
[EventDate "2017.07.13"]
[EventType "swiss"]
[EventRounds "9"]
[EventCountry "ESP"]
[SourceTitle "Ajedrez en Madrid"]
[Source "lmi"]
[SourceDate "2017.07.13"]
[SourceVersion "1"]
[SourceVersionDate "2019.06.21"]
[SourceQuality "1"]

1. d4 g6 2. c4 Bg7 3. Nc3 d6 4. e4 Nd7 5. f3 e5 6. d5 Ngf6 7. g4 a5 8. Be3 Nc5
9. Be2 c6 10. Qd2 Qe7 11. dxc6 bxc6 12. O-O-O d5 13. cxd5 cxd5 14. Nxd5 Nxd5
15. Qxd5 Nb7 16. Bb5+ Kf8 17. Kb1 Be6 18. Qc6 Rc8 19. Qb6 f6 20. Bc6 Rc7 21.
Bd5 Bxd5 22. exd5 Qd8 23. Ne2 Qd6 24. Qb3 Nc5 25. Qa3 Ke7 26. Qxa5 Rhc8 27. Nc3
Nb7 28. Qa4 Rc4 29. Qb3 Na5 30. Qc2 Rb4 31. Qd3 Nc4 32. Bc1 f5 33. Ka1 e4 34.
Qe2 Nxb2 35. a3 Bxc3 36. Bg5+ Kf7 37. Ka2 Nxd1 38. axb4 Ra8+ 0-1

[Event "19. Obert Int. Sant Marti 2017 - B"]
[Site "Barcelona ESP"]
[Date "2017.07.16"]
[Round "4.19"]
[White "Garcia Quevedo, Jose"]
[Black "Salazar Navas, Josep"]
[Result "1-0"]
[WhiteElo "1882"]
[BlackElo "1733"]
[PlyCount "81"]
[EventDate "2017.07.13"]
[EventType "swiss"]
[EventRounds "9"]
[EventCountry "ESP"]
[SourceTitle "Ajedrez en Madrid"]
[Source "lmi"]
[SourceDate "2017.07.13"]
[SourceVersion "1"]
[SourceVersionDate "2019.06.21"]
[SourceQuality "1"]

1. d4 Nf6 2. c4 c5 3. d5 b5 4. cxb5 a6 5. bxa6 g6 6. g3 d6 7. Bg2 Bg7 8. Nc3
Bxa6 9. Nf3 Nfd7 10. Rb1 Nb6 11. O-O N8d7 12. Re1 O-O 13. Qc2 Nc4 14. b3 Qa5
15. Na4 Rfb8 16. Rd1 Bb5 17. Nd2 Ncb6 18. Nxb6 Nxb6 19. a4 Nxa4 20. bxa4 Bxa4
21. Rxb8+ Rxb8 22. Qa2 Qb5 23. Rf1 Ra8 24. Nf3 Ra6 25. Bg5 Bd1 26. Qd2 Bxe2 27.
Re1 Bc4 28. Bxe7 Ra2 29. Qe3 Bxd5 30. Bxd6 Be6 31. Qxc5 Qb2 32. Be5 Bxe5 33.
Nxe5 Ra1 34. Qe3 Bf5 35. Nf3 Be6 36. Ng5 Bd7 37. h4 h6 38. Nf3 Kh7 39. Rxa1
Qxa1+ 40. Qe1 Qf6 41. Qe5 1-0

[Event "19. Obert Int. Sant Marti 2017 - B"]
[Site "Barcelona ESP"]
[Date "2017.07.16"]
[Round "4.20"]
[White "Colom Andres, Xavier"]
[Black "Valero Recalde, Pablo"]
[Result "1-0"]
[WhiteElo "1874"]
[BlackElo "1730"]
[PlyCount "39"]
[EventDate "2017.07.13"]
[EventType "swiss"]
[EventRounds "9"]
[EventCountry "ESP"]
[SourceTitle "Ajedrez en Madrid"]
[Source "lmi"]
[SourceDate "2017.07.13"]
[SourceVersion "1"]
[SourceVersionDate "2019.06.21"]
[SourceQuality "1"]

1. d4 d5 2. c4 e6 3. Nc3 Nf6 4. cxd5 exd5 5. Bg5 Bb4 6. e3 O-O 7. Bd3 b6 8. Nf3
Bg4 9. O-O Bxc3 10. bxc3 Nbd7 11. c4 c6 12. cxd5 cxd5 13. Qa4 Qc7 14. Rfc1 Qb8
15. Bf4 Qe8 16. Bd6 Bxf3 17. gxf3 Qe6 18. Bxf8 Nxf8 19. Qc6 Qh3 20. Qxa8 1-0

[Event "19. Obert Int. Sant Marti 2017 - B"]
[Site "Barcelona ESP"]
[Date "2017.07.16"]
[Round "4.21"]
[White "Torres Julian, Marc"]
[Black "Julia Yebra, David"]
[Result "1/2-1/2"]
[WhiteElo "1723"]
[BlackElo "1840"]
[PlyCount "109"]
[EventDate "2017.07.13"]
[EventType "swiss"]
[EventRounds "9"]
[EventCountry "ESP"]
[SourceTitle "Ajedrez en Madrid"]
[Source "lmi"]
[SourceDate "2017.07.13"]
[SourceVersion "1"]
[SourceVersionDate "2019.06.21"]
[SourceQuality "1"]

1. e4 d6 2. d4 Nf6 3. Nc3 c6 4. f4 Qa5 5. Bd3 e5 6. dxe5 dxe5 7. f5 h5 8. h3 b5
9. Be3 Nbd7 10. Nf3 Qc7 11. Qd2 a5 12. Qf2 Bb7 13. Qg3 Rg8 14. Bg5 Be7 15.
O-O-O O-O-O 16. Rhe1 b4 17. Na4 c5 18. b3 Bd6 19. Bc4 Rgf8 20. Bxf6 gxf6 21.
Qg7 Bc6 22. Bxf7 Bxa4 23. bxa4 Nb6 24. Be6+ Kb8 25. Qxc7+ Bxc7 26. Rxd8+ Rxd8
27. Rd1 Nxa4 28. Rxd8+ Bxd8 29. h4 Nc3 30. Nd2 Be7 31. Bf7 Bf8 32. Kb2 Bh6 33.
Nb3 Nxe4 34. Bxh5 a4 35. Na5 Ng3 36. Bg4 e4 37. c3 e3 38. cxb4 cxb4 39. Nc6+
Kc7 40. Nxb4 e2 41. Nc2 Kd6 42. Ka3 Bd2 43. h5 Ke7 44. Kxa4 e1=Q 45. Nxe1 Bxe1
46. Kb5 Bd2 47. a4 Kd7 48. a5 Kc7 49. a6 Kb8 50. Kb6 Be3+ 51. Kb5 Ka7 52. Kc6
Kxa6 53. Kd7 Bg5 54. Ke7 Nxh5 55. Bxh5 1/2-1/2

[Event "19. Obert Int. Sant Marti 2017 - B"]
[Site "Barcelona ESP"]
[Date "2017.07.16"]
[Round "4.22"]
[White "Pereda Villalba, Julian"]
[Black "Gil Gil, Antoni"]
[Result "0-1"]
[WhiteElo "1719"]
[BlackElo "1823"]
[PlyCount "78"]
[EventDate "2017.07.13"]
[EventType "swiss"]
[EventRounds "9"]
[EventCountry "ESP"]
[SourceTitle "Ajedrez en Madrid"]
[Source "lmi"]
[SourceDate "2017.07.13"]
[SourceVersion "1"]
[SourceVersionDate "2019.06.21"]
[SourceQuality "1"]

1. d4 Nf6 2. c4 g6 3. Nc3 Bg7 4. Nf3 d6 5. h3 O-O 6. Bf4 e6 7. e4 Nh5 8. Be3 f5
9. Bg5 Qe8 10. Bc1 Nc6 11. Be2 fxe4 12. Nxe4 Nf4 13. O-O Nxe2+ 14. Qxe2 Nxd4
15. Nxd4 Bxd4 16. Be3 Bg7 17. Ng3 d5 18. Bc5 Rf7 19. cxd5 b6 20. dxe6 Qxe6 21.
Be3 h5 22. Qd2 Rd7 23. Qc1 Bb7 24. Re1 Qd5 25. f3 Qe5 26. Bf2 Qxb2 27. Qe3 Rad8
28. Qe6+ Kh7 29. Rab1 Qf6 30. Qb3 Rd3 31. Qc4 Rd2 32. Ne4 Bxe4 33. Rxe4 c5 34.
Be3 Rd1+ 35. Rxd1 Rxd1+ 36. Kh2 Qa1 37. Re8 Rh1+ 38. Kg3 Qe1+ 39. Bf2 Qxe8 0-1

[Event "19. Obert Int. Sant Marti 2017 - B"]
[Site "Barcelona ESP"]
[Date "2017.07.16"]
[Round "4.23"]
[White "Martinez Hernandez, Emili"]
[Black "Nilesh, Jindal"]
[Result "1/2-1/2"]
[WhiteElo "1823"]
[BlackElo "1722"]
[PlyCount "69"]
[EventDate "2017.07.13"]
[EventType "swiss"]
[EventRounds "9"]
[EventCountry "ESP"]
[SourceTitle "Ajedrez en Madrid"]
[Source "lmi"]
[SourceDate "2017.07.13"]
[SourceVersion "1"]
[SourceVersionDate "2019.06.21"]
[SourceQuality "1"]

1. d4 d5 2. Nf3 Nf6 3. c4 e6 4. Nc3 Be7 5. g3 O-O 6. cxd5 exd5 7. Bg2 Nbd7 8.
O-O Re8 9. Ne5 c6 10. Nxd7 Bxd7 11. Qb3 Qc8 12. Bd2 Bh3 13. Rac1 Bxg2 14. Kxg2
Qd7 15. Qc2 Bd6 16. Bg5 Ne4 17. Nxe4 Rxe4 18. Qd2 Rae8 19. Rfe1 f6 20. Be3 f5
21. Bg5 h6 22. Bf4 Bxf4 23. gxf4 Qe6 24. e3 Qg6+ 25. Kh1 Qg4 26. Qd1 Qh4 27.
Qf3 R4e6 28. Rg1 Kh7 29. Rg3 Rg6 30. Rxg6 Kxg6 31. Qg3+ Qxg3 32. hxg3 h5 33.
Kg2 Kf6 34. Rh1 g6 35. Kf3 1/2-1/2

[Event "19. Obert Int. Sant Marti 2017 - B"]
[Site "Barcelona ESP"]
[Date "2017.07.16"]
[Round "4.24"]
[White "Pascual Gonzalez-Novelles, Carles"]
[Black "Peiron Lluch, Jose Daniel"]
[Result "1/2-1/2"]
[WhiteElo "1683"]
[BlackElo "1818"]
[PlyCount "22"]
[EventDate "2017.07.13"]
[EventType "swiss"]
[EventRounds "9"]
[EventCountry "ESP"]
[SourceTitle "Ajedrez en Madrid"]
[Source "lmi"]
[SourceDate "2017.07.13"]
[SourceVersion "1"]
[SourceVersionDate "2019.06.21"]
[SourceQuality "1"]

1. e4 d5 2. exd5 Nf6 3. Nf3 Bg4 4. d4 Qxd5 5. Be2 Nc6 6. c3 O-O-O 7. Qb3 Qh5 8.
Nbd2 e5 9. dxe5 Nxe5 10. O-O Bd6 11. h3 Bxh3 1/2-1/2

[Event "19. Obert Int. Sant Marti 2017 - B"]
[Site "Barcelona ESP"]
[Date "2017.07.16"]
[Round "4.25"]
[White "Perez Garcia, Francisco Jose"]
[Black "Vicente Soriano, Josep"]
[Result "1-0"]
[WhiteElo "1814"]
[BlackElo "1698"]
[PlyCount "63"]
[EventDate "2017.07.13"]
[EventType "swiss"]
[EventRounds "9"]
[EventCountry "ESP"]
[SourceTitle "Ajedrez en Madrid"]
[Source "lmi"]
[SourceDate "2017.07.13"]
[SourceVersion "1"]
[SourceVersionDate "2019.06.21"]
[SourceQuality "1"]

1. c4 Nf6 2. Nf3 g6 3. Nc3 Bg7 4. g3 e6 5. Bg2 d5 6. d4 O-O 7. O-O c6 8. Qc2
Nbd7 9. Ne5 dxc4 10. Rd1 Nb6 11. Na4 Nfd7 12. Nxc4 Nxc4 13. Qxc4 Nb6 14. Qc2
Nxa4 15. Qxa4 Qb6 16. Rb1 e5 17. d5 cxd5 18. Bxd5 a5 19. Be3 Qf6 20. b4 Bf5 21.
Rbc1 axb4 22. Qxb4 Be6 23. Qxb7 Rab8 24. Qa6 Bxd5 25. Qxf6 Bxf6 26. Rxd5 Rb2
27. Rd2 Rfb8 28. Rcc2 Rb1+ 29. Kg2 g5 30. Rd6 Be7 31. Rd7 Kf8 32. Rcc7 1-0

[Event "19. Obert Int. Sant Marti 2017 - B"]
[Site "Barcelona ESP"]
[Date "2017.07.16"]
[Round "4.26"]
[White "Bieg Pagel, Clemens"]
[Black "Martin Arranz, Lluis"]
[Result "1-0"]
[WhiteElo "1812"]
[BlackElo "1669"]
[PlyCount "63"]
[EventDate "2017.07.13"]
[EventType "swiss"]
[EventRounds "9"]
[EventCountry "ESP"]
[SourceTitle "Ajedrez en Madrid"]
[Source "lmi"]
[SourceDate "2017.07.13"]
[SourceVersion "1"]
[SourceVersionDate "2019.06.21"]
[SourceQuality "1"]

1. e4 e6 2. d4 d5 3. Nc3 Bb4 4. Nge2 Ne7 5. a3 Bxc3+ 6. Nxc3 b6 7. Bf4 a6 8.
Qd3 Bb7 9. O-O-O Nbc6 10. Qg3 dxe4 11. Qxg7 Rg8 12. Qxh7 Qd7 13. Nxe4 Rg6 14.
h4 O-O-O 15. h5 Rgg8 16. Nf6 Rh8 17. Qe4 Na5 18. Bxa6 Qa4 19. Bxb7+ Nxb7 20.
Qe5 Nd6 21. Ne4 Nc6 22. Nxd6+ cxd6 23. Qf6 Qc4 24. Rh3 e5 25. Rc3 Qb5 26. dxe5
Kb7 27. Qxf7+ Ka6 28. exd6 Rhf8 29. Qc4 Rxf4 30. Qxf4 Ne5 31. h6 Rd7 32. Qe4
1-0

[Event "19. Obert Int. Sant Marti 2017 - B"]
[Site "Barcelona ESP"]
[Date "2017.07.16"]
[Round "4.27"]
[White "Garcia Punzano, Josep Lluis"]
[Black "Martinez Buendia, Andres"]
[Result "0-1"]
[WhiteElo "1683"]
[BlackElo "1804"]
[PlyCount "126"]
[EventDate "2017.07.13"]
[EventType "swiss"]
[EventRounds "9"]
[EventCountry "ESP"]
[SourceTitle "Ajedrez en Madrid"]
[Source "lmi"]
[SourceDate "2017.07.13"]
[SourceVersion "1"]
[SourceVersionDate "2019.06.21"]
[SourceQuality "1"]

1. d4 Nf6 2. c4 g6 3. Nc3 Bg7 4. e4 d6 5. Nf3 O-O 6. Be2 e5 7. O-O Nc6 8. d5
Ne7 9. Ne1 Nd7 10. Nd3 a5 11. Be3 b6 12. Qd2 f5 13. Bh6 f4 14. Bxg7 Kxg7 15. f3
g5 16. g4 Nf6 17. a3 a4 18. Bd1 Bd7 19. Qf2 Ng6 20. Nb4 Qe8 21. Rc1 Ra7 22. Qe2
Ra5 23. Nb5 Qd8 24. Nc6 Bxc6 25. dxc6 Rh8 26. b3 axb3 27. Bxb3 h5 28. h3 hxg4
29. hxg4 Rh6 30. Rf2 Ra8 31. Rh2 Nh4 32. Kf2 Qe7 33. Rch1 Nh7 34. a4 Nf8 35.
Nc3 Ne6 36. Nd5 Qd8 37. Qa2 Nd4 38. Bd1 Nxc6 39. Nc3 Nb4 40. Qb1 Na6 41. Nd5
Nc5 42. Qb5 Ra5 43. Qc6 Ne6 44. Qb7 Qa8 45. Qxa8 Rxa8 46. Ne7 Nd4 47. Nf5+
Nhxf5 48. gxf5 Rah8 49. f6+ Kg6 50. Kg2 Rxh2+ 51. Rxh2 Rxh2+ 52. Kxh2 Kxf6 53.
Kh3 Kg6 54. Kg4 Ne6 55. Bc2 Nc5 56. Kh3 Kh5 57. Bd1 Nd3 58. Kg2 Nb2 59. Bb3 g4
60. Kf2 Nd3+ 61. Kg2 Ne1+ 62. Kf2 Nxf3 63. Kg2 Nd2 0-1

[Event "19. Obert Int. Sant Marti 2017 - B"]
[Site "Barcelona ESP"]
[Date "2017.07.16"]
[Round "4.28"]
[White "Chandrasekhar, M K."]
[Black "Martinez Torras, Pol"]
[Result "1-0"]
[WhiteElo "1794"]
[BlackElo "1631"]
[PlyCount "77"]
[EventDate "2017.07.13"]
[EventType "swiss"]
[EventRounds "9"]
[EventCountry "ESP"]
[SourceTitle "Ajedrez en Madrid"]
[Source "lmi"]
[SourceDate "2017.07.13"]
[SourceVersion "1"]
[SourceVersionDate "2019.06.21"]
[SourceQuality "1"]

1. d4 d5 2. Nf3 Nf6 3. c4 e6 4. e3 c6 5. Nc3 Bd6 6. Qc2 Nbd7 7. g4 h6 8. Rg1 e5
9. h3 e4 10. Nd2 a6 11. b3 Nf8 12. Bb2 Ng6 13. O-O-O Be6 14. f3 exf3 15. Nxf3
c5 16. g5 hxg5 17. Nxg5 Qd7 18. cxd5 Nxd5 19. Nxe6 Qxe6 20. Nxd5 Qxd5 21. Bc4
Qf3 22. Bxf7+ Qxf7 23. Rxg6 Rh6 24. Rxh6 gxh6 25. dxc5 Be7 26. Qe4 Rd8 27. Rg1
Qf2 28. Rg8+ Kd7 29. Qxb7+ Ke6 30. Qxa6+ Kd7 31. Qb7+ Ke6 32. Qe4+ Kd7 33. c6+
Kc8 34. Qe6+ Kb8 35. c7+ Kxc7 36. Qxe7+ Rd7 37. Qc5+ Kb7 38. Qc8+ Kb6 39. Rg6+
1-0

[Event "19. Obert Int. Sant Marti 2017 - B"]
[Site "Barcelona ESP"]
[Date "2017.07.16"]
[Round "4.29"]
[White "Hebert, Floriane"]
[Black "Arribas Alvarez, Marti"]
[Result "1/2-1/2"]
[WhiteElo "1567"]
[BlackElo "1781"]
[PlyCount "56"]
[EventDate "2017.07.13"]
[EventType "swiss"]
[EventRounds "9"]
[EventCountry "ESP"]
[SourceTitle "Ajedrez en Madrid"]
[Source "lmi"]
[SourceDate "2017.07.13"]
[SourceVersion "1"]
[SourceVersionDate "2019.06.21"]
[SourceQuality "1"]

1. e4 e6 2. d4 d5 3. exd5 exd5 4. Nf3 Nf6 5. Bd3 Bd6 6. O-O O-O 7. h3 Be6 8. c3
Nbd7 9. Ng5 Re8 10. Nxe6 Rxe6 11. Bf5 Re8 12. Bg5 c6 13. Bxd7 Qxd7 14. Bxf6
gxf6 15. Nd2 Kh8 16. Qf3 f5 17. Qd3 f4 18. Nf3 f6 19. Nh4 Rg8 20. Qf5 Qg7 21.
Rfe1 Rae8 22. Re6 Rxe6 23. Qxe6 Bf8 24. Qf5 Qh6 25. Nf3 Qg7 26. Nh4 Qh6 27. Nf3
Qg7 28. Nh4 Qh6 1/2-1/2